• 首页
  • 本馆介绍
  • 公告通知
  • 最新文献
  • 馆藏检索
  • 电子资源
  • 读者荐购
  • 参考咨询
  • CALIS
  • 我的图书馆
  • 登录
  • 详细信息显示
  • 放入我的书架
  • 预约/预借图书
  • 作者相关作品
  • 分类相关作品
  • 丛书相关作品
  • 出版社相关作品

书目信息

  • 表格格式
  • 工作单格式
  • 卡片格式
题名:
房地产投资分析
    
 
作者: 潘蜀健 , 彭雅雅 编著
分册:  
出版信息: 北京   高等教育出版社  1994.05
页数: 337页
开本: 32开
丛书名:
单 册:
中图分类: F293.3
科图分类:
主题词: 城市经济 , 市政经济
电子资源:
ISBN: 7-04-004690-3
 
 
 
 
 
000 00624nam0 2200217 45
001 0103281011
005 20010328104237.0
010    @a7-04-004690-3@d7.00元
100    @a20010328d1994 km y0chiy0120 ea
101 0  @achi
105    @a z 000yy
200 1  @a房地产投资分析@AFang Di Chan Tou Zi Fen Xi@f潘蜀健,彭雅雅编著@FPan Shu Jian,Peng Ya Ya Bian Zhu
210    @a北京@c高等教育出版社@d1994.05
215    @a337页@d32开
606 0  @a城市经济
606 0  @a市政经济
690    @aF293.3@v3
701  0 @a潘蜀健@4编著
701  0 @a彭雅雅@4编著
801    @aCN@bPftUser@c20010328
905    @b333744-761@dF293.3@eP357/1@f18
    
    房地产投资分析/潘蜀健,彭雅雅编著.-北京:高等教育出版社,1994.05
    337页;32开
    
    
    ISBN 7-04-004690-3:7.00元
    
●
相关链接 在E读中查询图书 在当当中查询图书 在豆瓣中查询图书


正题名:房地产投资分析     索取号:F293.3/P357/1         预约/预借

序号 登录号 条形码 馆藏地/架位号 状态 备注
1 333744   203337442   社科二线422/409社科库 107排1列3层/ [索取号:F293.3/P357/1] 在馆    
2 333745   203337451   社科二线422/409社科库 107排1列3层/ [索取号:F293.3/P357/1] 在馆    
3 333746   203337460   社科库409/409社科库 108排1列4层/ [索取号:F293.3/P357/1] 在馆    
4 333747   203337479   社科二线422/409社科库 107排1列3层/ [索取号:F293.3/P357/1] 在馆    
5 333748   203337488   社科二线422/409社科库 107排1列3层/ [索取号:F293.3/P357/1] 在馆    
6 333749   203337497   社科二线422/409社科库 107排1列3层/ [索取号:F293.3/P357/1] 在馆    
7 333750   203337503   社科二线422/409社科库 107排1列3层/ [索取号:F293.3/P357/1] 在馆    
8 333751   203337512   社科二线422/409社科库 107排1列3层/ [索取号:F293.3/P357/1] 在馆    
9 333752   203337521   社科二线422/409社科库 107排1列3层/ [索取号:F293.3/P357/1] 在馆    
10 333753   203337530   社科库409/409社科库 108排1列4层/ [索取号:F293.3/P357/1] 在馆    
11 333754   203337549   社科二线422/409社科库 107排1列3层/ [索取号:F293.3/P357/1] 在馆    
12 333755   203337558   社科二线422/409社科库 107排1列3层/ [索取号:F293.3/P357/1] 在馆    
13 333756   203337567   社科二线422/409社科库 107排1列3层/ [索取号:F293.3/P357/1] 在馆    
14 333757   203337576   社科二线422/409社科库 107排1列3层/ [索取号:F293.3/P357/1] 在馆    
15 333758   203337585   社科二线422/409社科库 107排1列3层/ [索取号:F293.3/P357/1] 在馆    
16 333759   203337594   社科二线422/409社科库 107排1列3层/ [索取号:F293.3/P357/1] 在馆    
17 333760   203337601   社科二线422/409社科库 107排1列3层/ [索取号:F293.3/P357/1] 在馆    
18 333761   203337610   社科二线422/409社科库 107排1列3层/ [索取号:F293.3/P357/1] 在馆    
河南城建学院图书馆 欢迎您!
大连网信软件有限公司© 版权所有